000 00532nam a2200145 a 4500
008 120416s1996 ||||||||||||||||| || u
020 _a0750628359
050 _aTK 5105.875.I57 Mac
100 _aMcBride, P. K
245 1 4 _aThe internet for windows 95 made simple
260 _aOxford
_bButterworth-Heinemann
_c1996
300 _aix, 149p. : ill.
350 _a0.00
995 _D0.00
_FCBU-MAIN LIBRARY (Kitwe)
_H1
_I9.99
_M1
_UAVAILABLE
_ZMain Library Open Access Collection
999 _c47522
_d47522